00483 2200193 4500001002100000005001500021035002000036007000300056008004100059020001800100082000800118084001400126100002300140245004000163260002600203300003100229650001300260990001600273INLIS00000000000190520200111094511 a0010-0120000153ta200111 g 0 ind  a979-448-637-x a611 a611 JAN i0 aJanti sudiono. dkk1 aIlmu patologi /cJanti sudiono. dkk aJakarta :bEGC,c2003 axi,213 p :bIlus. ;c24 cm apatologi a00000005699